01383nam a22002291a 4500007000300000008004100003020002200044050002000066100003200086245008300118250001200201260005700213300003400270500004500304505047900349650003500828650003300863942001200896952011400908952011401022999001701136ta130321t xxu||||| |||| 00| 0 spa d a978-958-682-792-8 aHF5693 S48 2011 aSARRANO Rodríguez, Javier aMatematicas financieras y evaluacion de proyectos / Javier Serrano Rodríguez a2a ed.  aBogota : Alfaomega ; Universidad de los Andes, 2011. a433 p. : il. tablas ; 23 cm.  aEducación Mixta (21 001557, 21 001770) aProyectos de inversión y proyectos de financiamiento, tasa de interés de oportunidad y de equivalencia, interes nominal y efectivo, indicadores para medir la bondad económica de un proyecto de inversión, matemáticas financieras, información financiera, rentabilidad del proyecto, flujo de caja libre para el proyecto y para el inversionismo, financiamiento de vivienda, rentabilidad, costo promedio, tratamiento del riesgo en la evaluación, riesgo operacional. 21. MATEMÁTICA -- FINANCIERAS 2MATEMÁTICAS -- COMERCIALES cLB2lcc 00102lcc4070a21b21d2013-07-08l2oHF5693 S48 2011p21 001770r2016-12-14s2016-12-14t2w2013-07-08yLB 00102lcc4070a21b21d2014-09-02l5oHF5693 S48 2011p21 001557r2019-09-20s2019-09-20t1w2014-09-02yLB c89283d89283